000 00899nam a2200241Ia 4500
999 _c5166
_d5166
003 OSt
005 20200407232507.0
008 191128s1998 ck gr 000 0 spa d
020 _a9589636438
040 _aCO-JMCR
_cCO-JMCR
041 0 _aspa
082 0 4 _a323.042 /
_bC656t
_221
110 1 _aColombia.
_bConsejo Nacional de Planeación
_92748
245 1 0 _aTrocha nacional ciudadana /
_cConsejo Nacional de Planeación
250 _aPrimera edición
260 _aBogotá :
_bConsejo Nacional de Planeación,
_c1998
300 _a439 páginas ;
_c21 cm.
490 0 _aPlanea Nación
505 0 _aTrocha Nacional ciudadana -- Discusión de la trocha nacional ciudadana -- Aportes a la trocha nacional ciudadana -- Las trochas regionales
650 1 4 _aPlanes de desarrollo
_xmetodología
_zColombia
_92749
650 1 4 _aParticipación social
_xdemocracia
_zColombia
_92750
942 _2ddc
_cBK